000 00414nam a2200181Ia 4500
001 24092
005 20260414151020.0
008 260414t1972||||xx |||||||||||||| ||spa||
041 _aESP
082 _a780
_bS17
100 _aSalzman, Eric
_eAUT
245 0 _aLa música del siglo XX
_b
260 _c1972
300 _a260 páginas :
_c20 cm.
650 _aABD
654 _aCAU
942 _cLIB
_dJUS
_fJUS
_2ddc
_n
999 _c24092
_d24092